01009nam a2200205 i 450000100060000000300090000600500170001500700030003200800410003510000440007624501800012026001260030030000400042665000430046670000660050971000640057585200240063999900170066395201230068085309ES-MaACL20250818173852.0t|041126s1954 sp ||||1| spa d1 aJordan de Urries y Azara, Jaime.96692010aMapa forestal de la provincia de Lérida b: memoria adjunta al mapa / ctrabajo por Jaime Jordán de Urries y Azara ; prólogo de Luis Ceballos y Fernández de Córdoba. aMadrid : b[Ministerio de Agricultura, Instituto Forestal de Investigaciones y Experiencias], c1954 (fTip. Artística) a2 v. : b20 lám., map. ; c27 cm. 4aBosques-zLérida (Provincia)91713611 aCeballos y Fernández de Córdoba, Luis, d1896-19679372842 aInstituto Forestal de Investigaciones y Experiencias.95059 aES-MaACLjC-8330-31 c85309d85309 00104070aATENEOMbATENEOMcSPALd2008-01-17eSCl0oC-8330-31p1089148r2023-02-23 00:00:00w2023-02-23yMONOGRAFIA